000 00665nam a22001937a 4500
005 20251108165300.0
008 250721s1979 xx 000 0 ara d
082 1 4 _a956.94/محم
100 1 _aربيع، محمد محمود
245 1 0 _aأزمة الفكر الصهيوني المعاصر :
_bمع دراسة جديدة حول موقع العقيدة من الفكر الصهيوني /
250 _aط2
264 1 _aبيروت :
_bالمؤسسة العربية للدراسات و النشر،
_c1979.
300 _a206ص
650 1 7 _aالصهيونية
650 1 7 _aإسرائيل
650 1 7 _aالتاريخ
942 _2ddc
_cBK
999 _c24063
_d24063